00595nam a2200157Ia 4500003000900000008004100009040001600050080001800066100002600084245015600110260004800266300001400314650004100328650003400369650003400403IN-BaIIA211028s9999 xx 000 0 eng d cIIA Library a081:53bDAR-3 aDarwin, George Howard 0aScientific papers by Sir George Howard Darwinbvol. III, figures of equilibrium of rotating liquid and geophysical investigationscGeorge Howard Darwin aCambridgebCambridge University Pressc1910 axv, 527p. aAstronomy and Astrophysics Thesaurus aCollected Works-Howard Darwin aHoward Darwin Collected Works